ポケモンのなまえ(第6世代) - Statistics

General Stats
  • This quiz has been taken 164 times
  • The average score is 48 of 72
Answer Stats
Answer % Correct
ケロマツ
97%
ゲッコウガ
97%
ハリマロン
94%
フォッコ
94%
マフォクシー
94%
ゼルネアス
93%
ブリガロン
91%
イベルタル
91%
ジガルデ
91%
ゲコガシラ
90%
テールナー
87%
ファイアロー
87%
ヤヤコマ
84%
ハリボーグ
83%
ヌメルゴン
81%
ヒノヤコマ
80%
ディアンシー
80%
ボルケニオン
80%
ヌメラ
78%
ヌメイル
77%
ビビヨン
73%
カエンジシ
73%
デデンネ
73%
コフキムシ
71%
ニンフィア
71%
シシコ
70%
ルチャブル
70%
フーパ
70%
ホルビー
67%
コフーライ
67%
エレザード
67%
フラエッテ
66%
ヒトツキ
65%
ギルガルド
65%
フラベベ
64%
フラージェス
64%
ニダンギル
64%
ホルード
63%
ヤンチャム
63%
ニャオニクス
62%
メレシー
62%
ガチゴラス
60%
アマルルガ
60%
オンバーン
60%
チゴラス
59%
ニャスパー
58%
エリキテル
58%
アマルス
58%
オンバット
58%
ゴロンダ
57%
ゴーゴート
56%
シュシュプ
56%
ボクレー
56%
トリミアン
55%
ウデッポウ
55%
ブロスター
53%
オーロット
53%
カチコール
53%
クレベース
53%
メェークル
52%
ドラミドロ
52%
パンプジン
52%
ペロッパフ
51%
ペロリーム
51%
クレッフィ
50%
フレフワン
49%
マーイーカ
49%
カラマネロ
49%
クズモー
49%
バケッチャ
49%
ガメノデス
44%
カメテテ
43%
No matching quizzes found
Score Distribution
Percent of People with Each Score
Percentile by Number Answered
Your Score History
You have not taken this quiz